000 00900cam a2200217 4500
001 WB3818-28
008 020515n2002 000 0 eng u
035 _a(Sirsi) u117971
245 _aValuation of owner-occupied property
260 _c2002
490 _aRICS Feature
_v 8 May 2002, (1)
520 _aRICS valuation group launches a bid to improve industry standards governing the existing use value of owner-occupied properties. This follows European moves to replace the existing use value system with market value. For the RICS featurehttp://www.rics.org/ricscms/bin/show?class=Feature&template=/includes/showfeature.html&id=187
590 _aWB
650 _aPROPERTY VALUATION FORUM
650 _aRICS VALUATION GROUP
650 _aEXISTING USE VALUE
650 _aEUV
650 _aOWNER-OCCUPIED PROPERTIES
690 _aPROPERTY-PROPERTY APPRAISAL AND VALUATION
942 _n0
999 _c70259
_d70259